Detalles MARC
| 000 -CABECERA |
| Longitud fija campo de control |
01374nam a2200397 c 4500 |
| 001 - NÚMERO DE CONTROL |
| Número de control |
24442 |
| 003 - IDENTIFICADOR DE NÚMERO DE CONTROL |
| Identificador del número de control |
ES-MaCES |
| 005 - FECHA Y HORA DE LA ÚLTIMA TRANSACCIÓN |
| Fecha y hora de la última transacción |
20150929135824.0 |
| 008 - CAMPO FIJO DE DESCRIPCIÓN FIJA--INFORMACIÓN GENERAL |
| Códigos de información de longitud fija |
120516s2011 be t m000 | eng d |
| 035 ## - NÚMERO DE CONTROL DEL SISTEMA |
| Número de control del sistema |
CES20120003249m |
| 040 ## - FUENTE DE CATALOGACIÓN |
| Centro catalogador de origen |
ES-MaCES |
| Lengua de catalogación |
spa |
| Centro transcriptor |
ES-MaCES |
| 245 04 - MENCIÓN DE TÍTULO |
| Título |
The First European semester from a civil society perspective |
| Resto del título |
: integrated report : Europe 2020 strategy |
| Mención de responsabilidad, etc. |
European Economic and Social Committee |
| 260 ## - PUBLICACIÓN, DISTRIBUCIÓN, ETC (PIE DE IMPRENTA) |
| Lugar de publicación, distribución, etc. |
[Bruxelles] |
| Nombre del editor, distribuidor, etc. |
EESC |
| Fecha de publicación, distribución, etc. |
[2011] |
| 300 ## - DESCRIPCIÓN FÍSICA |
| Extensión |
96 p. |
| Dimensiones |
30 cm |
| 500 ## - NOTA GENERAL |
| Nota general |
Tít. tomado de la cub. |
| 500 ## - NOTA GENERAL |
| Nota general |
Ejemp. fotocopiado |
| 541 ## - NOTA DE LA FUENTE INMEDIANTE DE ADQUISICIÓN |
| Forma de adquisición |
Gratuito |
| 650 #4 - ASIENTO SECUNDARIO DE MATERIA--TÉRMINO DE MATERIA |
| Término de materia o nombre geográfico como elemento inicial |
Consejos Económicos y Sociales |
| 9 (RLIN) |
30859 |
| 650 #4 - ASIENTO SECUNDARIO DE MATERIA--TÉRMINO DE MATERIA |
| Término de materia o nombre geográfico como elemento inicial |
participación social |
| 9 (RLIN) |
27284 |
| 650 #4 - ASIENTO SECUNDARIO DE MATERIA--TÉRMINO DE MATERIA |
| Término de materia o nombre geográfico como elemento inicial |
política gubernamental |
| 9 (RLIN) |
27211 |
| 650 #4 - ASIENTO SECUNDARIO DE MATERIA--TÉRMINO DE MATERIA |
| Término de materia o nombre geográfico como elemento inicial |
crisis económica |
| 9 (RLIN) |
27102 |
| 650 #4 - ASIENTO SECUNDARIO DE MATERIA--TÉRMINO DE MATERIA |
| Término de materia o nombre geográfico como elemento inicial |
reforma económica |
| 9 (RLIN) |
29791 |
| 650 #4 - ASIENTO SECUNDARIO DE MATERIA--TÉRMINO DE MATERIA |
| Término de materia o nombre geográfico como elemento inicial |
reforma de la seguridad social |
| 9 (RLIN) |
30668 |
| 650 #4 - ASIENTO SECUNDARIO DE MATERIA--TÉRMINO DE MATERIA |
| Término de materia o nombre geográfico como elemento inicial |
2011-2012 |
| 9 (RLIN) |
32030 |
| 650 #4 - ASIENTO SECUNDARIO DE MATERIA--TÉRMINO DE MATERIA |
| Término de materia o nombre geográfico como elemento inicial |
2020 |
| 9 (RLIN) |
31139 |
| 650 #4 - ASIENTO SECUNDARIO DE MATERIA--TÉRMINO DE MATERIA |
| Término de materia o nombre geográfico como elemento inicial |
plan de acción |
| 9 (RLIN) |
30406 |
| 650 #4 - ASIENTO SECUNDARIO DE MATERIA--TÉRMINO DE MATERIA |
| Término de materia o nombre geográfico como elemento inicial |
repertorio de recomendaciones prácticas |
| 9 (RLIN) |
29261 |
| 653 10 - TÉRMINO DE INDEXACIÓN--NO CONTROLADO |
| Término no controlado |
Administración-Instituciones públicas |
| 650 #4 - ASIENTO SECUNDARIO DE MATERIA--TÉRMINO DE MATERIA |
| 9 (RLIN) |
29020 |
| Término de materia o nombre geográfico como elemento inicial |
país de la UE |
| 650 #4 - ASIENTO SECUNDARIO DE MATERIA--TÉRMINO DE MATERIA |
| 9 (RLIN) |
26752 |
| Término de materia o nombre geográfico como elemento inicial |
UE |
| 650 #4 - ASIENTO SECUNDARIO DE MATERIA--TÉRMINO DE MATERIA |
| 9 (RLIN) |
30664 |
| Término de materia o nombre geográfico como elemento inicial |
concertación social |
| 710 2# - ENCABEZAMIENTO SECUNDARIO--NOMBRE CORPORATIVO |
| Nombre de entidad o nombre de jurisdicción como elemento inicial |
Comité Económico y Social Europeo |
| 9 (RLIN) |
2193 |
| 902 ## - CES. TIPO DE DOCUMENTO |
| Tipodoc (006$c Sirtex) |
DOC Literatura gris |
| 942 ## - ELEMENTOS KOHA |
| Fuente de clasificaión o esquema |
Clasificación propia del CES |
| Koha [por defecto] tipo de item |
Monografías |
| Parte de clasificación |
6.3. |